000
00338nam a2200145Ia 4500
008
220216s9999 xx 000 0 und d
100
_a
Leong T T
245
0
_a
Potentials of puncture tapping
260
_b
Planter
_c
1977
300
_a
297-307
650
_a
Puncture tapping
700
_a
Ravoof A A
700
_a
Tan H T
942
_c
JS
999
_c
65408
_d
65408